| 000 | 00591nam a22002057a 4500 | ||
|---|---|---|---|
| 005 | 20251108171131.0 | ||
| 008 | 250721s1989 xx 000 0 ara d | ||
| 082 | 1 | 4 | _a296/أحم |
| 100 | 1 | _aالحوفي، أحمد | |
| 245 | 1 | 0 | _aحجية التوراة / |
| 264 | 1 |
_aالقاهرة : _bمؤسسة الخليج العربي، _c1989. |
|
| 300 | _a77ص | ||
| 490 | 0 | _aمع الإسلام | |
| 650 | 1 | 7 | _aاليهودية |
| 650 | 1 | 7 | _aالتوراة |
| 650 | 1 | 7 | _aالقرآن الكريم |
| 650 | 1 | 7 | _aدفع مطاعن عن الإسلام |
| 942 |
_2ddc _cBK |
||
| 999 |
_c57457 _d57457 |
||